书目信息 |
| 题名: |
综合布线
|
|
| 作者: | 吴柏钦 , 侯蒙 编 | |
| 分册: | ||
| 出版信息: | 北京 人民邮电出版社 2006 |
|
| 页数: | 242页 | |
| 开本: | 26cm | |
| 丛书名: | ||
| 单 册: | ||
| 中图分类: | TU855 | |
| 科图分类: | ||
| 主题词: | 智能建筑--布线--高等教育--教材 , 智能建筑 , 布线 | |
| 电子资源: | ||
| ISBN: | 978-7-115-15123-0 | |
| 000 | 00898nam0 2200289 450 | |
| 001 | 100428259913 | |
| 005 | 20110222144256.37 | |
| 010 | @a978-7-115-15123-0@dCNY23.00 | |
| 035 | @a003234811 | |
| 100 | @a20060618d2006 em y0chiy0110 ea | |
| 101 | 0 | @achi |
| 102 | @aCN@b110000 | |
| 105 | @ay z 000yy | |
| 106 | @ar | |
| 200 | 1 | @a综合布线@9zong he bu xian@f吴柏钦,侯蒙编 |
| 210 | @a北京@c人民邮电出版社@d2006 | |
| 215 | @a242页@d26cm | |
| 300 | @a21世纪高职高专通信教材 | |
| 330 | @a本书从综合布线系统的工程实用出发,较为全面地介绍综合布线所涉及的基本概念、主要部件的基本常识,以及综合布线系统的设计标准和设计原则。 | |
| 606 | 0 | @a智能建筑@x布线@x高等教育@j教材 |
| 606 | 0 | @a智能建筑 |
| 606 | 0 | @a布线 |
| 690 | @aTU855@v4 | |
| 701 | 0 | @a吴柏钦@9wu bai qin@4编 |
| 701 | 0 | @a侯蒙@9hou meng@4编 |
| 801 | 0 | @aCN@bNLC@c20110222 |
| 905 | @b205983934-961@h598393-96@dTU855@e541@f4 | |
| 综合布线/吴柏钦,侯蒙编.-北京:人民邮电出版社,2006 |
| 242页;26cm |
| 21世纪高职高专通信教材 |
| ISBN 978-7-115-15123-0:CNY23.00 |
| 本书从综合布线系统的工程实用出发,较为全面地介绍综合布线所涉及的基本概念、主要部件的基本常识,以及综合布线系统的设计标准和设计原则。 |
| ● |
| 相关链接 |
|
|
|
|
正题名:综合布线
索取号:TU855/541
 
预约/预借
| 序号 | 登录号 | 条形码 | 馆藏地/架位号 | 状态 | 备注 |
| 1 | 598393 | 205983934 | 第二样本阅览室/ [索取号:TU855/541] | 在馆 | |
| 2 | 598394 | 205983943 | 第三借阅区/ [索取号:TU855/541] | 在馆 | |
| 3 | 598395 | 205983952 | 第三借阅区/ [索取号:TU855/541] | 在馆 | |
| 4 | 598396 | 205983961 | 第三借阅区/ [索取号:TU855/541] | 在馆 |